Loading...
| Fine Arts - Other | 0 | 4 | 1 | 0 | 35 | 73 | 92.50 | 1 | 4 | 10.02 | 27.27 |
| Social Science | 0 | 1 | 0 | 0 | 10 | 82 | 82.00 | 0 | 1 | 2.49 | 4.55 |
| Science - Other | 0 | 1 | 0 | 0 | 10 | 76 | 76.00 | 1 | 1 | 3.52 | 9.09 |
| Current Events | 0 | 1 | 0 | 1 | 10 | 115 | 115.00 | 0 | 1 | 3.62 | 25.00 |
| Fine Arts - Painting and Sculpture | 0 | 1 | 0 | 0 | 10 | 73 | 73.00 | 1 | 1 | 3.74 | 9.09 |
| Geography | 0 | 1 | 0 | 0 | 10 | 90 | 90.00 | 1 | 1 | 15.65 | 37.50 |
| History - American | 0 | 1 | 0 | 0 | 10 | 61 | 61.00 | 0 | 0 | 4.92 | 2.27 |
| History - World | 0 | 1 | 0 | 0 | 10 | 105 | 105.00 | 0 | 1 | 1.75 | 4.55 |
| Other Academic | 0 | 1 | 0 | 0 | 10 | 84 | 84.00 | 1 | 1 | 9.40 | 25.00 |
| Religion | 0 | 1 | 0 | 0 | 10 | 93 | 93.00 | 0 | 1 | 2.33 | 4.55 |
| Popular Culture | 0 | 1 | 1 | 1 | 5 | 103 | 103.00 | 0 | 0 | 9.98 | 8.33 |
| Fine Arts - Classical Music | 0 | 0 | 3 | 0 | -15 | 0.00 | 0 | 0 | 0.00 | 0.00 |